Biblioteca y Centro de Documentación

Vista normal Vista MARC

Entrada Nombre personal

Número de registros utilizados en: 2

001 - NÚMERO DE CONTROL

  • Campo de control: 5496

003 - IDENTIFICADOR DE NÚMERO DE CONTROL

  • Campo de control: ES-MaCES

005 - FECHA Y HORA DE LA ULTIMA MODIFICACION

  • Campo de control: 20041201115500.0

008 - ELEMENTOS DE DATOS DE LONGITUD FIJA

  • Campo de longitud fija: 041201 | azznnaabn || aaa d

035 ## - NÚMERO DE CONTROL DEL SISTEMA

  • Número de control del sistema: CES20040009694n

040 ## - FUENTE DE LA CATALOGACIÓN

  • Agencia original de catalogación: ES-MaCES
  • Idioma de catalogación: spa
  • Agencia de transcripción: ES-MaCES

100 1# - ENCABEZAMIENTO--NOMBRE DE PERSONA

  • Nombre personal: Abadal, Ernest

400 1# - TRAZADO VEÁSE--NOMBRE DE PERSONA

  • Nombre personal: Abadal Falgueras, Ernest

901 ## - CES. DATOS SIRTEX

  • ID Sirtex (N5N8): 0001500014965
  • 005BIS Sirtex: 200412011155ALORITE
© CES, Consejo Económico y Social de España 2021